00929cam a2200289 a 45000010009000000050017000090080041000260100017000670200018000840200015001020200030001170200027001470200033001740200030002070400018002370410008002550800018002630820022002811000007003031010008003102450066003185040064003849060045004489420012004939990017005059520117005221565905620180313100028.0090313s2010 dcua b 001 0 eng  a 2009010391 a9781433805592 a1433805596 a9781433805615 (softcover) a1433805618 (softcover) a9781433805622 (spiral bound) a1433805626 (spiral bound) aDLCcDLCdDLC aeng a808.06615 WAS00a808.06615 WAS222 a48 aPSI00aPublication manual of the American Psychological Association. aIncludes bibliographical references (p. 255-257) and index. a7bcbccorignewd1eecipf20gy-gencatlg 2ddccBK c44919d44919 00102udc40708PËKGa002b002cPËKGd2018-03-13l0o808.06615 WASp002-3002052r2018-03-13w2018-03-13yBK